000 005220000a22001810004500
003 MACL
005 20260108153115.0
008 160403b xxu||||| |||| 00| 0 eng d
040 _aMACL
_cMACL
041 _aHindi
082 _a370
100 _aजोशी मालती
_950303
245 _aबच्‍चों की प्राथमिक शिक्षा एवं विकास कैसे
260 _c2002
_aमेरठ
350 _a150
650 _aEducation
_923616
942 _cHIN
_k155
_2ddc
999 _c12193
_d12193